| 000 | 00723nam a2200205Ia 4500 | ||
|---|---|---|---|
| 001 | 50246 | ||
| 003 | OSt | ||
| 005 | 20150622123440.0 | ||
| 008 | 140502s9999 xx 000 0 und d | ||
| 020 | _a9693519396 | ||
| 040 | _cPK-LaUMT | ||
| 082 |
_a 954.0317 _bKAN-T |
||
| 100 | _aKanhayya Laal, Pandit(کنہیا لال، پنڈت) | ||
| 245 |
_aTareekh baghawat-i-Hind 1857 (Muharab-i-azeem) (Urdu)(تاریخ بغاوت ہند 1857) _cKanhayya Laal, Pandit(کنہیا لال ، پنڈت) |
||
| 260 |
_aLahore,Pakistan:(لاہور، پاکستان) _bSang-e-Meel Publications,(سنگ میل پبلیکیشنز) _c2007 |
||
| 300 | _a272 p. | ||
| 546 | _aUR | ||
| 650 | _aHistory-Indian mutiny (1857) | ||
| 942 |
_cBK _2ddc |
||
| 999 |
_c47908 _d47908 |
||